| 000 | 00521nam a2200181 i 4500 | ||
|---|---|---|---|
| 001 | 75279 | ||
| 003 | ES-MaACL | ||
| 007 | t| | ||
| 008 | 040923s1983 fr ||||1| fre d | ||
| 245 | 0 | 0 |
_aGrammaire Larousse du française contemporain / _cJean-Claude Chevalier... [et al.]. |
| 250 | _aEd. rev. et corr. | ||
| 260 |
_aParis : _bLarousse, _c1983. |
||
| 300 |
_a494 p. ; _c21 cm. |
||
| 500 | _aIndice. | ||
| 504 | _aBibliografĂa. | ||
| 700 | 1 |
_aChevalier, Jean-Claude. _938415 |
|
| 852 |
_aES-MaACL _jL-9966 _bR.112161 |
||
| 999 |
_c75279 _d75279 |
||